Campeões da Premier League - Statistics

Estatísticas Gerais
  • Esse quiz foi jogado 348 vezes
  • A pontuação média é 84 de 121
Estatísticas das Respostas
Ano Time Campeão % Correto
1937 | 1968 | 2012 | +3 others Manchester City
96%
1908 | 1911 | 1952 | +17 others Manchester United
95%
1901 | 1906 | 1922 | +16 others Liverpool
92%
1931 | 1933 | 1934 | +10 others Arsenal
89%
1955 | 2005 | 2006 | +3 others Chelsea
88%
1951 | 1961 Tottenham
79%
1894 | 1896 | 1897 | +4 others Aston Villa
71%
1891 | 1915 | 1928 | +6 others Everton
67%
1978 Nottingham Forest
59%
1905 | 1907 | 1909 | 1927 Newcastle
57%
2016 Leicester City
53%
1954 | 1958 | 1959 Wolverhampton
42%
1912 | 1914 | 1995 Blackburn
41%
1892 | 1893 | 1895 | +3 others Sunderland
35%
1969 | 1974 | 1992 Leeds United
34%
1921 | 1960 Burnley
28%
1898 Sheffield United
26%
1920 West Brom
23%
1975 Derby County
20%
1924 | 1925 | 1926 Huddersfield
17%
1949 | 1950 Portsmouth
17%
1903 | 1904 | 1929 | 1930 Sheffield Wednesday
16%
1889 | 1890 Preston North End
14%
1962 Ipswich Town
13%
1972 Derby Conty
0%
Nenhum quiz correspondente encontrado
Distribuição das Pontuações
Porcentagem de Pessoas com Cada Pontuação
Percentil de Números Respondidos
Sua Pontuação Histórica
Você não jogou esse quiz